000 01186cam a2200289 i 4500
001 17466
003 BD-RjUL
005 20211209000139.0
008 760803m19761980fr a b i000 0 eng
020 _a9231013246 (v. 1)
035 _a(BD-RjUL)17524
040 _aDLC
_cDLC
_dDLC
_dBD-RjUL
_beng
041 _aeng
082 0 0 _a300.95
_bSOC V-1 1976
245 0 0 _aSocial sciences in Asia.
_nVolume I:
_pBangladesh, Iran, Malaysia, Pakistan, Thailand
260 _aParis :
_bUnesco ;
_cc1976
300 _a54p. :
_bill. ;
_c27 cm.
490 _aReports and papers in the social sciences ;
_vNo. 32
504 _aIncludes bibliographical references.
505 0 _a1. Bangladesh, Iran, Malaysia, Pakistan, Thailand.--2. Afghanistan, Indonesia, Japan, Republic of Korea, Nepal.--3. Burma, Mongolia, New Zealand, The Philippines, Singapore.--4. Australia, Fiji, Hong Kong, India, Papua New Guinea, Sri Lanka.
650 0 _aSocial sciences
_zAsia
_xHistory.
_953844
650 0 _aSocial sciences
_xResearch
_zAsia.
_953845
830 0 _aReports and papers in the social sciences ; no.32
_995795
942 _2ddc
_cDOC
999 _c17466
_d17466